ا نتخا ب قصا ءد سيد سر سو ی (Record no. 171017)
[ view plain ]
| 000 -LEADER | |
|---|---|
| fixed length control field | 00696nam a22001937a 4500 |
| 005 - DATE AND TIME OF LATEST TRANSACTION | |
| control field | 20200102160758.0 |
| 010 ## - LCCN (DPL NO) | |
| LC control number | A-880705 |
| 020 ## - INTERNATIONAL STANDARD BOOK NUMBER | |
| Terms of availability | 150.00 |
| International Standard Book Number | - |
| 035 ## - SYSTEM CONTROL NUMBER | |
| System control number | A-880705 |
| 037 ## - SOURCE OF ACQUISITION | |
| Source of stock number/acquisition | BPPD |
| 082 ## - DEWEY DECIMAL CLASSIFICATION NUMBER | |
| Classification number | 841 |
| 100 ## - MAIN ENTRY--PERSONAL NAME | |
| Personal name | محمد نقو ی |
| 245 ## - TITLE STATEMENT | |
| Title | ا نتخا ب قصا ءد سيد سر سو ی |
| Statement of responsibility, etc | محمد نقو ی |
| 246 ## - VARYING FORM OF TITLE | |
| Title proper/short title | Intakhab QasayedSyed Sirsawvi (Urdu) |
| Remainder of title | by Urfi Hind Syed Mohd.Naqvi |
| 260 ## - PUBLICATION, DISTRIBUTION, ETC. (IMPRINT) | |
| Place of publication, distribution, etc | Muradabad |
| Date of publication, distribution, etc | 1993ء |
| Name of publisher, distributor, etc | Kishwer Jahan Zaidi |
| 270 ## - ADDRESS | |
| City | Muradabad |
| Telephone number | - |
| Postal code | 344302 |
| Address | Andrun-e-Qila Miyan Sarai,Sambhal |
| 300 ## - PHYSICAL DESCRIPTION | |
| Extent | 368 ص |
| Dimensions | 22 cm(hb) |
| 942 ## - ADDED ENTRY ELEMENTS (KOHA) | |
| Source of classification or shelving scheme | Dewey Decimal Classification |
| Item type | Urdu Bks |
| Classification part | 841 |
| Call number suffix | ن ق و |
| Withdrawn status | Lost status | Not for loan | Collection code | Home library | Current library | Date acquired | Source of acquisition | Cost, normal purchase price | Full call number | Barcode | Copy number | Cost, replacement price | Koha item type |
|---|---|---|---|---|---|---|---|---|---|---|---|---|---|
| Non-fiction | Central Library | Central Library | 02/01/2020 | BPPD/Ven. | 150.00 | 841 ن ق و | A-880705 | 1 | 150.00 | Urdu Bks |
